000 00681nam a2200193 a 4500
001 000031679
005 20200930063110.0
008 110630s1988 dr 000 0 spa d
040 _aDO-SdBNP
_bspa
_cBNPHU
082 _axxxx
_bA445a, 1988
100 1 _aAlmánzar G., José Nicolás
_957965
245 1 0 _aAnálisis, interpretación y aplicación de los estatutos del P.R.S.C. /
_cJosé Nicolás Almánzar G.
250 _a2a ed.
260 _aSanto Domingo :
_bEdiciones IFP,
_c1988.
300 _a55 p. ;
_c21 cm.
500 _aFolleto para la formación política
710 2 _aInstituto de Formación Política del Partido Reformista Social Cristiano
_955055
049 _aBNPD
999 _c31171
_d31171